| 000 | 00876nam a2200229Ia 4500 | ||
|---|---|---|---|
| 001 | 15920 | ||
| 003 | GE_BSU | ||
| 008 | 181216s||||||||xx |||||||||||||| ||und|| | ||
| 040 | _cGE_BSU | ||
| 080 | _a821.353.1-31 | ||
| 100 | _aჯავახიშვილი, მ. (მიხეილ, 1880-1937) | ||
| 245 | _aარსენა მარაბდელი | ||
| 245 | _bრომანი | ||
| 245 | _cწინასიტყვ. ავტ. გურამ გვერდწითელი.სარედ. კოლ.მინდია არაბული და სხვ.. რედ. ნანა გოგოძე | ||
| 260 | _aთბილისი | ||
| 260 | _bნაკადული | ||
| 260 | _c1989 | ||
| 300 | _a687 გვ. ; 20 სმ | ||
| 653 | _aარსენა მარაბდელი | ||
| 653 | _aრომანი | ||
| 942 | _cBK | ||
| 999 |
_c49015 _d49015 |
||